World Cup Group Stage Goalscorers 1982 - Statistics

General Stats
  • This quiz has been taken 4 times
  • The average score is 29 of 129
Answer Stats
Group Nation Score Player % Correct
3 Argentina 2-0 Diego Maradona
100%
3 Argentina 3-0 Diego Maradona
100%
4 France 2-0 Michel Platini
100%
1 Poland 3-0 Zbigniew Boniek
100%
A (2nd Round) Poland 1-0 Zbigniew Boniek
100%
A (2nd Round) Poland 2-0 Zbigniew Boniek
100%
A (2nd Round) Poland 3-0 Zbigniew Boniek
100%
6 Brazil 1-1 Zico
100%
6 Brazil 1-0 Zico
100%
6 Brazil 2-0 Zico
100%
C (2nd Round) Brazil 1-0 Zico
100%
6 Soviet Union 1-0 Andriy Bal
67%
4 England 1-0 Bryan Robson
67%
4 England 2-1 Bryan Robson
67%
6 Scotland 2-2 Graeme Souness
67%
C (2nd Round) Brazil 3-0 Junior
67%
2 West Germany 1-1 Karl-Heinz Rummenigge
67%
2 West Germany 1-0 Karl-Heinz Rummenigge
67%
2 West Germany 2-0 Karl-Heinz Rummenigge
67%
2 West Germany 3-0 Karl-Heinz Rummenigge
67%
6 Soviet Union 2-0 Oleg Blokhin
67%
C (2nd Round) Italy 1-0 Paolo Rossi
67%
C (2nd Round) Italy 2-1 Paolo Rossi
67%
C (2nd Round) Italy 3-2 Paolo Rossi
67%
6 Brazil 1-1 Socrates
67%
C (2nd Round) Brazil 1-1 Socrates
67%
D (2nd Round) France 1-0 Alain Giresse
33%
D (2nd Round) France 4-1 Alain Giresse
33%
4 Czechoslovakia 1-0 Antonin Panenka
33%
4 Czechoslovakia 1-1 Antonin Panenka
33%
C (2nd Round) Italy 2-0 Antonio Cabrini
33%
D (2nd Round) Austria 1-1 Bruno Pezzey
33%
3 Argentina 1-0 Daniel Passarella
33%
C (2nd Round) Argentina 2-1 Daniel Passarella
33%
4 France 3-0 Didier Six
33%
4 France 1-0 Didier Six
33%
1 Italy 1-0 Bruno Conti
33%
D (2nd Round) France 2-0 Dominique Rocheteau
33%
D (2nd Round) France 3-0 Dominique Rocheteau
33%
6 Brazil 2-1 Eder
33%
6 Brazil 3-1 Eder
33%
6 Brazil 4-1 Falcao
33%
6 Brazil 3-0 Falcao
33%
C (2nd Round) Brazil 2-2 Falcao
33%
1 Poland 2-0 Grzegorz Lato
33%
6 Scotland 1-0 Joe Jordan
33%
6 Scotland 1-0 Kenny Dalglish
33%
2 Algeria 2-1 Lakhdar Belloumi
33%
4 France 4-1 Maxime Bossis
33%
1 Poland 1-0 Wlodzimierz Smolarek
33%
4 Kuwait 3-1 Abdullah Al-Buloushi
0%
6 Soviet Union 1-1 Aleksandre Chivadze
0%
3 Belgium 1-1 Alexandre Czerniatynski
0%
1 Poland 4-0 Andrzej Buncol
0%
4 France 1-0 Bernard Genghini
0%
D (2nd Round) France 1-0 Bernard Genghini
0%
6 Scotland 1-0 David Narey
0%
3 Argentina 4-0 Osvaldo Ardiles
0%
5 Honduras 1-1 Eduardo Laing
0%
5 Spain 2-1 Enrique Saura
0%
3 Belgium 1-0 Erwin Vandenbergh
0%
4 Kuwait 1-1 Faisal Al-Dakhil
0%
1 Italy 1-0 Francesco Graziani
0%
3 Hungary 2-0 Gabor Poloskei
0%
3 Hungary 4-1 Gabor Poloskei
0%
5 Northern Ireland 1-0 Gerard Armstrong
0%
5 Northern Ireland 1-1 Gerard Armstrong
0%
D (2nd Round) Northern Ireland 3-1 Gerard Armstrong
0%
4 France 1-1 Gerard Soler
0%
1 Cameroon 1-1 Gregoire M'Bida
0%
1 Peru 5-1 Guillermo La Rosa
0%
2 Chile 4-1 Gustavo Moscoso
0%
5 Honduras 1-0 Hector Zelaya
0%
2 West Germany 1-0 Horst Hrubesch
0%
5 Yugoslavia 1-0 Ivan Gudelj
0%
B (2nd Round) Spain 2-1 Jesus Zamora
0%
2 Austria 2-0 Johann Krankl
0%
6 Scotland 4-2 John Robertson
0%
6 Scotland 2-0 John Wark
0%
6 Scotland 3-0 John Wark
0%
4 Czechoslovakia (OG) 2-0 Jozsef Barmos
0%
3 Hungary 4-0 Jozsef Toth
0%
3 Hungary 1-0 Jozsef Varga
0%
5 Spain 1-1 Juanito
0%
2 Chile 3-2 Juan Letelier
0%
A (2nd Round) Soviet Union 1-0 Khoren Oganesian
0%
B (2nd Round) West Germany 2-0 Klaus Fischer
0%
3 Hungary 3-0 Laszlo Fazekas
0%
3 Hungary 5-0 Laszlo Fazekas
0%
3 Hungary 6-1 Laszlo Kiss
0%
3 Hungary 8-1 Laszlo Kiss
0%
3 Hungary 9-1 Laszlo Kiss
0%
3 Hungary 7-1 Lazar Szentes
0%
3 Belgium 1-0 Ludo Coeck
0%
3 El Salvador 5-1 Luis Ramirez Zapata
0%
C (2nd Round) Italy 1-0 Marco Tardelli
0%
2 Chile 3-1 Miguel Neira
0%
6 Brazil 2-1 Oscar
0%
4 England 3-1 Paul Mariner
0%
B (2nd Round) West Germany 1-0 Pierre Littbarski
0%
2 Algeria 1-0 Rabah Madjer
0%
6 Soviet Union 2-1 Ramaz Shengelia
0%
C (2nd Round) Argentina 3-1 Ramon Diaz
0%
D (2nd Round) Austria 2-1 Reinhold Hintermaier
0%
3 Argentina 1-0 Ricardo Bertoni
0%
3 Argentina 2-0 Ricardo Bertoni
0%
5 Spain 1-1 Roberto Lopez Ufarte
0%
1 Peru 1-1 Ruben Diaz
0%
2 Algeria 1-0 Salah Assad
0%
2 Algeria 2-0 Salah Assad
0%
6 Soviet Union 3-0 Sergei Baltacha
0%
6 Brazil 4-0 Serginho
0%
C (2nd Round) Brazil 2-0 Serginho
0%
6 New Zealand 3-2 Stephen Wooddin
0%
6 Scotland 5-2 Steven Archibald
0%
6 New Zealand 3-1 Steven Sumner
0%
2 Algeria 3-0 Tedj Bensaoula
0%
3 Hungary 1-0 Tibor Nyilasi
0%
3 Hungary 10-1 Tibor Nyilasi
0%
4 England 1-0 Trevor Francis
0%
4 England 1-0 Trevor Francis
0%
2 West Germany 4-0 Uwe Reinders
0%
5 Yugoslavia 1-0 Vladimir Petrovic
0%
2 Austria 1-0 Walter Schachner
0%
2 Austria 1-0 Walter Schachner
0%
D (2nd Round) Northern Ireland 1-0 William Hamilton
0%
D (2nd Round) Northern Ireland 2-2 William Hamilton
0%
1 Poland 5-0 Wlodzimierz Ciolek
0%
6 Soviet Union 1-0 Yuri Gavrilov
0%
No matching quizzes found
Score Distribution
Percent of People with Each Score
Percentile by Number Answered
Your Score History
You have not taken this quiz